Quiz sur les Jeux Olympiques (Niveau 2) - Statistiques

Statistiques générales
  • Ce quiz a été pris 139 fois
  • Le résultat moyen est 7 sur 15
Statistiques - réponses
Question Réponse % Correct
Trois villes françaises ont été hôte des JO d'hiver : Chamonix, Grenoble et... Albertville
85%
Sport régional, franco-espagnol, en démonstration aux JO de Paris de 1924. Pelote basque
79%
Seule ville batave ayant été hôte des Jeux Olympiques d'été. Amsterdam
73%
Le rugby à VII a donné à ce pays le premier titre olympique de son histoire lors des JO 2016. Fidji
68%
Discipline olympique associant saut à ski et ski de fond dont Jason Lamy-Chappuis a été champion olympique en 2010. Combiné nordique
61%
Film de Jon Tunterltaub racontant les aventures de l'équipe jamaïcaine de bobseligh vers les JO 1988. Rasta Rockett
47%
Pays finaliste du tournoi masculin de volleyball, s'étant incliné contre le Brésil aux JO 2016. Italie
46%
Pays d'origine de Yusra Mardini, nageuse de l'équipe des réfugiés en 2016 et en 2020. Syrie
44%
Cycliste allemand, champion olympique de la course en ligne en 2000. Jan Ullrich
43%
Gymnaste française, championne olympique aux barres assymétriques à l'âge de 16 ans aux JO 2004. Emilie Le Pennec
27%
Poursuivez la devise olympique : "Plus vite, plus haut, plus fort - ..." Ensemble
24%
Athlète kényan ayant battu le record du monde du 800m lors des JO 2012. David Rudisha
22%
Joueuse de tennis qui apporte à son pays le premier titre olympique de son histoire en 2016 lors du tournoi de simple. Monica Puig
21%
Avant d'être qualifiés de "Barjots", quel surnom était donnés aux handballeurs de l'équipe de France suite aux JO 1992 ? Les Bronzés
20%
Je suis le français le plus âgé de la délégation tricolore aux JO 2021 (en skeet)... Emmanuel Petit
4%
Aucun quiz correspondant
Distribution des résultats
% des personnes avec chaque résultat
Percentile par nombre de réponses
Votre historique - résultats
Vous n’avez pas pris ce quiz